000 00500nam a2200181Ia 4500
001 20491
005 20260306172810.0
008 260306t2006||||xx |||||||||||||| ||spa||
041 _aESP
082 _a343.332
_bD44
100 _aPerú. Defensoría del Pueblo
_eAUT
245 0 _aPropuestas básicas de la Defensoría del Pueblo para la reforma de la justicia en el Perú
260 _c2006
300 _a353 páginas :
_c26 cm.
650 _aGEN
654 _aCDE
942 _cLIB
_dJUS
_fJUS
_2ddc
_n
999 _c20491
_d20491